| 000 | 00557nam a2200205 a 4500 | ||
|---|---|---|---|
| 001 | 82722 | ||
| 003 | BD-RjUL | ||
| 005 | 20240122140229.0 | ||
| 008 | 240122s1892 enk||||| |||| 00| 0 eng d | ||
| 035 | _a(BD-RjUL)82722 | ||
| 040 |
_aBD-RjUL _beng _cBD-RjUL |
||
| 041 | _aeng | ||
| 082 |
_223 _a823.8 _bHUM 1892 |
||
| 100 |
_aHume, Fergus _911020 |
||
| 245 |
_aThe masquerade mystery / _cFergus Hume |
||
| 260 |
_aLondon : _bDigby, Long, _c [1892?] |
||
| 300 |
_aviii, 320 pages ; _c18 cm. |
||
| 600 |
_aHume, Fergus, _d1859-1932 _911020 |
||
| 942 |
_2ddc _cBK |
||
| 999 |
_c82722 _d82722 |
||